| 000 | 00344nam a2200145 a 4500 | ||
|---|---|---|---|
| 001 | 5661 | ||
| 003 | CDMR | ||
| 005 | 20131028130323.0 | ||
| 008 | 130130s1997||||||||||||||||||||||||||||d | ||
| 040 |
_aCDMR _bcat _cCPC GIRONA |
||
| 245 | 0 |
_aWelcome to Sarajevo _b: tourist guide |
|
| 260 |
_c1997 _a[s.l. _bs.n.] |
||
| 490 | 0 | _aBòsnia | |
| 942 |
_cMON _2udc |
||
| 999 |
_c5661 _d5661 |
||